00768nam a22002057a 4500003000900000008004100009040007100050082002100121100003000142110004300172245007800215260005300293300002400346505011300370650001500483650002300498650001300521650001800534650001000552AR-CdUCM190225b ||||| |||| 00| 0 spa d aMUNICIPALIDAD PROVINCIAL DEL CUSCOcBIBLIOTECA MUNICIPAL DEL CUSCO a985.61 / bAG284 aAguirre Villalobos, Jorge aConvento de Santo Domingo - Qorikancha aRecuerdos de antaño y otros relatos bCusco, primera mitad del siglo XX aCusco - Perú :bOREJONES Arte y Punto ;c2007. a223 páginasc20cm aCorpus cusqueño -- Carnaval cusqueño -- El baratillo y otras costumbres -- Almas en pena -- Cruz Velacuy acostumbres acultura cusqueña arelatos  areligiosidad  aCusco